The Punic Wars on a Map - Statistics

General Stats
  • This quiz has been taken 624 times
  • The average score is 9 of 50
Answers on the Map
Answers color-coded by a green-red scale on the quiz's map according to % correct below.
 
Answer Stats
Answer % Correct
Hannibal
81%
Scipio Africanus
63%
Syracuse
62%
Battle of Cannae
52%
Messana
40%
Archimedes
38%
Battle of Zama
35%
Hamilcar Barca
34%
Gades
33%
Ebro River
32%
Philip V
31%
Vulcan
24%
Battle of Lake Trasimene
23%
Capua
22%
Numidians
21%
Ram
19%
Battle of the Trebia
18%
Cato the Elder
17%
Cisalpine Gaul
17%
Leptis Magna
16%
Arno River
14%
Corvus
14%
Fabian Strategy
14%
Utica
14%
Lusitanians
13%
Samnites
11%
Polybius
10%
Xanthippus
9%
Mamertines
9%
Numa Pompilius
9%
Siege of Lilybaeum
9%
Battle of Cape Ecnomus
8%
Quinquereme
8%
Battle of Ticinus
7%
Astarte
5%
Marcus Marcellus
5%
Battle of Ilipa
4%
Battle of the Aegates
4%
Baal Hammon
3%
Battle of Mylae
3%
Battle of the Bagradas River
3%
Battle of the Lipari Islands
3%
Cape Bon
3%
Marcus Regulus
3%
Tanit
3%
Battle of Dertosa
2%
Chellah
2%
Dougga
2%
Mago Barca
1%
Treaty of Lutatius
1%
No matching quizzes found
Score Distribution
Percent of People with Each Score
Percentile by Number Answered
Your Score History
You have not taken this quiz